Bandeiras de territórios dependentes - Statistics

Estatísticas Gerais
  • Esse quiz foi jogado 436 vezes
  • A pontuação média é 18 de 24
Estatísticas das Respostas
Imagem Resposta % Correto
Porto Rico
98%
Hong Kong
90%
Ilha de Man
90%
Gibraltar
88%
Guam
87%
Macau
85%
Ilhas Virgens Americanas
83%
Samoa Americana
83%
Ilhas Cook
81%
Groenlândia
78%
Polinésia Francesa
78%
Aruba
77%
Curaçao
77%
Ilhas Faroe
77%
Nova Caledônia
77%
Niue
74%
Tokelau
71%
Jersey
67%
Norfolk
67%
Bermuda
66%
Ilhas Cocos
64%
Guernsey
62%
Fernando de Noronha
43%
Wallis e Futuna
42%
Nenhum quiz correspondente encontrado
Distribuição das Pontuações
Porcentagem de Pessoas com Cada Pontuação
Percentil de Números Respondidos
Sua Pontuação Histórica
Você não jogou esse quiz